| 000 | 01294nam a2200229Ia 4500 | ||
|---|---|---|---|
| 001 | c165-29956 | ||
| 003 | IT-MiCISF | ||
| 005 | 20250703114731.0 | ||
| 008 | 161014s9999||||xx |||||||||||||| ||und|| | ||
| 040 |
_aIT-MiCISF _cIT-MiCISF |
||
| 041 | _ait | ||
| 100 |
_aCensis - con il patrocinio del CNEL _962371 |
||
| 245 | 0 | _a33° rapporto sulla situazione sociale del Paese 1999 | |
| 260 |
_a Milano, _bFranco Angeli, _c1999 |
||
| 300 | _app. XXIV, 653 | ||
| 500 | _a / società, sociologia, economia, welfare, famiglia, donna, lavoro, politica, comunicazione, cultura, mass-media, tempo-libero, assistenza-sociale / | ||
| 520 | _aLa realtà italiana viene tratteggiata dal Rapporto annuale del Censis in tutte le sue diverse sfaccettature, con ricchezza di dati quantitativi e con una costante attenzione sia ai trend di lungo periodo, sia ai cambiamenti congiunturali di maggiore rilevanza. In particolare viene sollecitata specifica attenzione al contemporaneo percorso da un lato di omogeneizzazione e di integrazione dei sistemi culturali ed economici (operante a livello internazionale), dall'altro di frammentazione e atomizzazione dei comportamenti e degli interessi individuali e collettivi. | ||
| 650 | _asocietà | ||
| 654 | _arapporto | ||
| 942 |
_cBK _2ddc |
||
| 999 |
_c209519 _d209519 |
||
| 999 | _bsi | ||